The art of negotiation and mediation : (Record no. 93740)

MARC details
000 -LEADER
fixed length control field 00722nam a22002057a 4500
005 - DATE AND TIME OF LATEST TRANSACTION
control field 20150624123421.0
010 ## - LCCN (DPL NO)
LC control number ENG-113080
020 ## - INTERNATIONAL STANDARD BOOK NUMBER
International Standard Book Number 9789351434245
Terms of availability 245.00
035 ## - SYSTEM CONTROL NUMBER
System control number EN-96612
037 ## - SOURCE OF ACQUISITION
Source of stock number/acquisition DBAD/PUB
082 ## - DEWEY DECIMAL CLASSIFICATION NUMBER
Classification number 158.5
100 ## - MAIN ENTRY--PERSONAL NAME
Personal name Anuroop Omkar
245 ## - TITLE STATEMENT
Title The art of negotiation and mediation :
Statement of responsibility, etc by Anuroop Omkar [and] Kritika Krishnamurthy
Remainder of title a wishbone, funny bone and a backbone /
260 ## - PUBLICATION, DISTRIBUTION, ETC. (IMPRINT)
Name of publisher, distributor, etc LexisNexis
Date of publication, distribution, etc 2015
Place of publication, distribution, etc Gurgaon
270 ## - ADDRESS
City Gurgaon
Postal code 122002
Address 14th Floor Building No.10, Tower-B, DLF Cyber City, Phase-II,
300 ## - PHYSICAL DESCRIPTION
Extent x,348p.
Dimensions 22cm(pbk)
500 ## - GENERAL NOTE
General note Includes bibliographical references
700 ## - ADDED ENTRY--PERSONAL NAME
Personal name Krishnamurthy, Kritika
942 ## - ADDED ENTRY ELEMENTS (KOHA)
Source of classification or shelving scheme Dewey Decimal Classification
Item type English Books
Call number suffix ANU
Classification part 158.5
Holdings
Withdrawn status Lost status Not for loan Collection code Home library Current library Date acquired Source of acquisition Cost, normal purchase price Full call number Barcode Copy number Cost, replacement price Koha item type
    Not For Loan Non-fiction D.B.Act.Division D.B.Act.Division 19/05/2015 DBAD/PUB 245.00 158.5 ANU EN-96612 1 245.00 English Books

© Delhi Public Library
Hit Counter
free hit counter